Simulation of dynamics of the order parameter in superconducting nanostructured materials: Effect of the magnetic field renormalization; Low Temperature Physics; Vol. 46, iss. 4

Detalles Bibliográficos
Parent link:Low Temperature Physics
Vol. 46, iss. 4.— 2020.— [P. 325-330]
Autor principal: Smirnova E. I. Ekaterina Ivanovna
Autor Corporativo: Национальный исследовательский Томский политехнический университет Исследовательская школа физики высокоэнергетических процессов
Otros Autores: Rezaev R. O. Roman Olegovich, Fomin V. M. Vladimir Mikhaylovich
Sumario:Title screen
The effect of the magnetic field renormalization in superconducting nanostructured materials is quantitatively evaluated. For demonstration purposes, three superconducting structures with various geometric shapes and dimensions and functioning in different resistive regimes are considered. Simulation is based on a set of equations including the time-dependent Ginzburg-Landau equation coupled with the Maxwell equations. An impact of the order parameter on the vector and scalar potentials is taken into account. It is shown that for Nb structures having thicknesses (?200 nm) less than the magnetic field penetration depth (?300 nm), the effect of the magnetic field renormalization equivocally affects the spatiotemporal distribution of superconducting vortices. For a slab with the thickness of ?100 nm, the absolute value of the average voltage generated by moving vortices changes by less than 1%. With increasing the thickness of C-shaped structures up to 500 nm, the renormalization effect leads to the growth of the average voltage by up to 10%.
Lenguaje:inglés
Publicado: 2020
Materias:
Acceso en línea:https://doi.org/10.1063/10.0000862
Formato: MixedMaterials Electrónico Capítulo de libro
KOHA link:https://koha.lib.tpu.ru/cgi-bin/koha/opac-detail.pl?biblionumber=665561

MARC

LEADER 00000naa0a2200000 4500
001 665561
005 20250204144018.0
035 |a (RuTPU)RU\TPU\network\36760 
035 |a RU\TPU\network\35480 
090 |a 665561 
100 |a 20211018d2020 k||y0rusy50 ba 
101 0 |a eng 
102 |a US 
135 |a drcn ---uucaa 
181 0 |a i  
182 0 |a b 
200 1 |a Simulation of dynamics of the order parameter in superconducting nanostructured materials: Effect of the magnetic field renormalization  |f E. I. Smirnova, R. O. Rezaev, V. M. Fomin 
203 |a Text  |c electronic 
300 |a Title screen 
320 |a [References: 33 tit.] 
330 |a The effect of the magnetic field renormalization in superconducting nanostructured materials is quantitatively evaluated. For demonstration purposes, three superconducting structures with various geometric shapes and dimensions and functioning in different resistive regimes are considered. Simulation is based on a set of equations including the time-dependent Ginzburg-Landau equation coupled with the Maxwell equations. An impact of the order parameter on the vector and scalar potentials is taken into account. It is shown that for Nb structures having thicknesses (?200 nm) less than the magnetic field penetration depth (?300 nm), the effect of the magnetic field renormalization equivocally affects the spatiotemporal distribution of superconducting vortices. For a slab with the thickness of ?100 nm, the absolute value of the average voltage generated by moving vortices changes by less than 1%. With increasing the thickness of C-shaped structures up to 500 nm, the renormalization effect leads to the growth of the average voltage by up to 10%. 
461 |t Low Temperature Physics 
463 |t Vol. 46, iss. 4  |v [P. 325-330]  |d 2020 
610 1 |a электронный ресурс 
610 1 |a труды учёных ТПУ 
700 1 |a Smirnova  |b E. I.  |g Ekaterina Ivanovna 
701 1 |a Rezaev  |b R. O.  |c physicist  |c Associate Professor of Tomsk Polytechnic University, Candidate of physical and mathematical sciences  |f 1982-  |g Roman Olegovich  |3 (RuTPU)RU\TPU\pers\31777 
701 1 |a Fomin  |b V. M.  |g Vladimir Mikhaylovich 
712 0 2 |a Национальный исследовательский Томский политехнический университет  |b Исследовательская школа физики высокоэнергетических процессов  |c (2017- )  |3 (RuTPU)RU\TPU\col\23551 
801 2 |a RU  |b 63413507  |c 20211018  |g RCR 
856 4 |u https://doi.org/10.1063/10.0000862 
942 |c CF